| 000 | 00736nam a2200241 a 4500 | ||
|---|---|---|---|
| 001 | 73999 | ||
| 003 | BD-RjUL | ||
| 005 | 20211209082454.0 | ||
| 008 | 171218s2010 pk o|||| |||| 000 0ceng d | ||
| 020 | _a8190287176 | ||
| 035 | _a(BD-RjUL)74217 | ||
| 040 |
_aBD-RjUL _beng _cBD-RjUL |
||
| 041 | _aeng | ||
| 082 |
_222 _a954.035092 _bYAP 2014 |
||
| 100 |
_a Yajnik , Birad Rajaram _9219727 |
||
| 245 | 1 | 0 |
_aPeace, truth, ahimsa : a photobiography of Mahatma Gandhi / _c Birad Rajaram Yajnik |
| 260 |
_aHyderabad : _bVisual Quest Books, _c2014 |
||
| 300 |
_a300 str. : ilustr. ; _c23 cm. |
||
| 600 |
_a Gandhi, Mahatma, _y1869-1948. _9219782 |
||
| 650 |
_aNationalists. _9219729 |
||
| 650 |
_aNacionalisti. _9219730 |
||
| 942 |
_2ddc _cBK |
||
| 999 |
_c73999 _d73999 |
||